Le 15 città più popolose d’Italia - Statistics

General Stats
  • This quiz has been taken 54 times
  • The average score is 12 of 15
Answer Stats
Popolazione Città % Correct
1.354.196 Milano
100%
2.748.109 Roma
100%
841.600 Torino
98%
360.930 Firenze
95%
913.462 Napoli
95%
630.167 Palermo
95%
316.015 Bari
93%
250.369 Venezia
93%
387.971 Bologna
88%
558.745 Genova
83%
298.762 Catania
73%
255.588 Verona
73%
198.417 Trieste
55%
218.786 Messina
45%
206.496 Padova
45%
No matching quizzes found
Score Distribution
Percent of People with Each Score
Percentile by Number Answered
Your Score History
You have not taken this quiz